000 00909nam a2200289 a 4500
999 _c1884
_d1884
001 1884
003 BD-JhCC
005 20171025212914.0
008 871026s1988 nyu 001 0aeng d
020 _a0070355983 (pbk.) :
_c$5.95 ($7.95 Can.)
035 _a(BD-JhCC) 1884
040 _aDLC
_cDLC
_dDLC
_dBD-JhCC
041 _aeng
050 1 0 _aGV865.K78
_bA3 1988
082 0 0 _a796.3570924
_aB
_219
_bKUH 1988
100 1 _aKuhn, Bowie,
_d1926-2007.
245 1 0 _aHardball :
_bthe education of a baseball commissioner /
_cBowie Kuhn ; editorial assistant, Martin Appel.
260 _aNew York :
_bMcGraw-Hill,
_cc1988.
300 _ax, 453 p. ;
_c19 cm.
500 _a"McGraw-Hill paperbacks"--Cover.
500 _aIncludes index.
600 1 0 _aKuhn, Bowie,
_d1926-2007.
650 0 _aBaseball commissioners
_zUnited States
_vBiography.
700 1 _aAppel, Martin.
942 _2ddc
_cBK